000 00847cam a22002533a 4500
001 33398
003 PGUSA
005 20140828083725.0
008 100810s2010||||xxu|||||s|||||000 | eng d
040 _aPGUSA
_beng
042 _adc
050 4 _aPR
245 1 2 _aA Select Collection of Old English Plays :
_bVolume 14 of 15
_h[electronic resource]
260 _bProject Gutenberg,
_c2010
505 0 _aThe rebellion -- Lust's dominion; or, The lascivious queen -- Andromana; or, The merchant's wife -- Lady Alimony -- The parson's wedding.
506 _aPublic domain in the USA.
516 _aElectronic text
653 _aEnglish drama
700 1 _aDodsley, Robert,
_d1703-1764
700 1 _aHazlitt, William Carew,
_d1834-1913
830 0 _aProject Gutenberg
_v33398
856 4 0 _uhttp://www.gutenberg.org/ebooks/33398
942 _cEB
999 _c262653
_d262653